[Event "JBLN Ost 1819"]
[Site "Germany"]
[Date "2018.09.29"]
[Round "1.4"]
[White "Suran, Jan1111"]
[Black "Lilienthal, Niels Bennett"]
[Result "1/2-1/2"]
[WhiteElo "1622"]
[BlackElo "1620"]
[PlyCount "73"]
[EventDate "2018.09.29"]
[EventType "team-tourn"]
[EventRounds "9"]
[EventCountry "GER"]
[SourceTitle "CBM 189 Extra"]
[Source "ChessBase"]
[SourceDate "2019.06.03"]
[SourceVersion "1"]
[SourceVersionDate "2019.06.03"]
[SourceQuality "1"]
[WhiteTeam "Berlin Empor"]
[BlackTeam "Borussia Lichtenberg"]
[WhiteTeamCountry "GER"]
[BlackTeamCountry "GER"]

1. e4 e5 2. Nf3 Nc6 3. d4 exd4 4. Nxd4 Nge7 5. Bc4 Nxd4 6. Qxd4 d6 7. Bg5 Be6 8. Nc3 Nc6 9. Qe3 Qd7 10. Bb5 f6 11. Bh4 Qf7 12. Nd5 g5 13. Bg3 h5 14. f4 Kd7 15. 0-0-0 a6 16. Be2 h4 17. f5 Bxd5 18. exd5 Ne5 19. Bxe5 dxe5 20. Bf3 g4 21. Qb3 gxf3 22. Qxb7 Bh6+ 23. Kb1 Rab8 24. Qc6+ Kc8 25. d6 Rd8 26. Qxa6+ Rb7 27. Qa8+ Rb8 28. Qa6+ Rb7 29. Qa8+ Rb8 30. d7+ Rxd7 31. Rxd7 Qxd7 32. Qa6+ Rb7 33. Qa8+ Rb8 34. Qa6+ Rb7 35. Qa8+ Rb8 36. Qa6+ Rb7 37. Qa8+ 1/2-1/2

[Event "GER-ch U25-B"]
[Site "Willingen"]
[Date "2018.05.20"]
[Round "2"]
[White "Borgmann, Simon"]
[Black "Lilienthal, Niels Bennett"]
[Result "1-0"]
[WhiteElo "1445"]
[BlackElo "1694"]
[PlyCount "99"]
[EventDate "2018.05.19"]
[EventType "swiss"]
[EventRounds "9"]
[EventCountry "GER"]
[SourceTitle "CBM 184 Extra"]
[Source "ChessBase"]
[SourceDate "2018.06.28"]
[SourceVersion "1"]
[SourceVersionDate "2018.06.28"]
[SourceQuality "1"]

1. d4 Nf6 2. Nf3 g6 3. e3 Bg7 4. Bd3 0-0 5. 0-0 d6 6. Nbd2 Nbd7 7. c3 e5 8. Ne4 Nxe4 9. Bxe4 Nf6 10. Bc2 e4 11. Nd2 d5 12. f3 exf3 13. Qxf3 Qd6 14. e4 dxe4 15. Nxe4 Nxe4 16. Bxe4 c6 17. Bf4 Qd8 18. Rae1 Be6 19. a3 Bc4 20. Bd3 Bxd3 21. Qxd3 Re8 22. Re2 Rxe2 23. Qxe2 Qd7 24. Re1 Rf8 25. h3 f6 26. Kf2 Kf7 27. Qc4+ Qd5 28. Qxd5+ cxd5 29. g4 Re8 30. Rxe8 Kxe8 31. Ke3 Kd7 32. h4 Ke6 33. Kf3 Bf8 34. a4 Bd6 35. b3 Bxf4 36. Kxf4 h5 37. gxh5 gxh5 38. a5 b6 39. axb6 axb6 40. c4 dxc4 41. bxc4 Ke7 42. Kf5 Kf7 43. d5 Ke7 44. Kg6 Kd6 45. Kxf6 b5 46. cxb5 Kxd5 47. Kg5 Kc5 48. Kxh5 Kxb5 49. Kg6 Kc6 50. h5 1-0

[Event "GER-ch U25-A"]
[Site "Willingen"]
[Date "2017.06.05"]
[Round "3"]
[White "Hetzner, Hannes"]
[Black "Lilienthal, Niels Bennett"]
[Result "1-0"]
[WhiteElo "1670"]
[BlackElo "1472"]
[PlyCount "65"]
[EventDate "2017.06.04"]
[EventType "swiss"]
[EventRounds "9"]
[EventCountry "GER"]
[SourceTitle "CBM 178 Extra"]
[Source "ChessBase"]
[SourceDate "2017.06.22"]
[SourceVersion "1"]
[SourceVersionDate "2017.06.22"]
[SourceQuality "1"]

1. e4 g6 2. d4 Bg7 3. Nc3 d6 4. f4 h5 5. h3 Nd7 6. Nf3 Nh6 7. Be3 a6 8. Qd2 Nb6 9. d5 c6 10. 0-0-0 cxd5 11. Nxd5 Nxd5 12. Qxd5 Qc7 13. Ng5 Bd7 14. Bc4 Bc6 15. Qd3 Rc8 16. Qb3 e6 17. Rd2 b5 18. Bxe6 fxe6 19. Nxe6 Qe7 20. Nxg7+ Qxg7 21. Qe6+ Kd8 22. Rxd6+ Bd7 23. Rhd1 Rh7 24. Bb6+ Rc7 25. Rxd7+ Qxd7 26. Rxd7+ Rhxd7 27. Bxc7+ Kxc7 28. Qxg6 Nf7 29. Qxa6 Nd6 30. e5 Ne4 31. Qxb5 Nf2 32. Qc5+ Kd8 33. Qxf2 1-0

[Event "GER-ch U25-B"]
[Site "Willingen"]
[Date "2016.05.21"]
[Round "9"]
[White "Lilienthal, Niels Bennett"]
[Black "Frank, Marek"]
[Result "0-1"]
[WhiteElo "1530"]
[BlackElo "1386"]
[PlyCount "56"]
[EventDate "2016.05.15"]
[EventType "swiss"]
[EventRounds "9"]
[EventCountry "GER"]
[SourceTitle "CBM 172 Extra"]
[Source "ChessBase"]
[SourceDate "2016.06.21"]
[SourceVersion "1"]
[SourceVersionDate "2016.06.21"]
[SourceQuality "1"]

1. d4 d5 2. e3 Nf6 3. Bd3 Nc6 4. c3 e5 5. dxe5 Nxe5 6. Bc2 Bd6 7. h3 0-0 8. Nf3 c6 9. 0-0 Re8 10. Nbd2 Nfd7 11. e4 Nxf3+ 12. Qxf3 Ne5 13. Qh5 g6 14. Qd1 Qh4 15. Nf3 Nxf3+ 16. Qxf3 dxe4 17. Qd1 Rd8 18. Qe2 Re8 19. Qc4 Bxh3 20. gxh3 Qxh3 21. f4 exf3 22. Qxf7+ Kxf7 23. Bb3+ Kg7 24. Bh6+ Kxh6 25. Rf2 Bc5 26. Raf1 Bxf2+ 27. Rxf2 Re1+ 28. Rf1 Qg2# 0-1

[Event "GER-ch U25 op-B"]
[Site "Willingen"]
[Date "2015.05.26"]
[Round "4"]
[White "Lilienthal, Niels Bennett"]
[Black "Tham, Nam"]
[Result "1/2-1/2"]
[WhiteElo "1246"]
[BlackElo "1339"]
[PlyCount "63"]
[EventDate "2015.05.24"]
[EventType "swiss"]
[EventRounds "9"]
[EventCountry "GER"]
[SourceTitle "CBM 166 Extra"]
[Source "ChessBase"]
[SourceDate "2015.06.18"]
[SourceVersion "1"]
[SourceVersionDate "2015.06.18"]
[SourceQuality "1"]

1. e4 e5 2. Nf3 Nc6 3. Bb5 a6 4. Ba4 Nf6 5. d3 b5 6. Bb3 Be7 7. c3 0-0 8. Nbd2 d6 9. h3 h6 10. Nf1 Be6 11. Ng3 Qd7 12. 0-0 Rad8 13. d4 exd4 14. cxd4 Bxb3 15. Qxb3 d5 16. e5 Ne4 17. Ne2 Na5 18. Qc2 Nc4 19. b3 Nb6 20. Nc3 Nxc3 21. Qxc3 Rc8 22. Be3 a5 23. Qxa5 b4 24. Qa6 Ra8 25. Qd3 Ra7 26. Rfc1 Rfa8 27. Rc2 Ra3 28. Bc1 R3a7 29. Kf1 Ra6 30. Bd2 Ra3 31. Bc1 R3a7 32. Bd2 1/2-1/2

[Event "GER-ch U25 op-B"]
[Site "Willingen"]
[Date "2015.05.24"]
[Round "1"]
[White "Arnold, Leander"]
[Black "Lilienthal, Niels Bennett"]
[Result "1-0"]
[WhiteElo "1582"]
[BlackElo "1246"]
[PlyCount "59"]
[EventDate "2015.05.24"]
[EventType "swiss"]
[EventRounds "9"]
[EventCountry "GER"]
[SourceTitle "CBM 166 Extra"]
[Source "ChessBase"]
[SourceDate "2015.06.18"]
[SourceVersion "1"]
[SourceVersionDate "2015.06.18"]
[SourceQuality "1"]

1. e4 e5 2. Nf3 Nc6 3. Bc4 Nf6 4. d3 Bc5 5. h3 h6 6. c3 d6 7. Nbd2 Qe7 8. Nf1 Be6 9. Bb5 a6 10. Ba4 b5 11. Bc2 Rd8 12. Ng3 d5 13. exd5 Nxd5 14. 0-0 0-0 15. Re1 Qd6 16. Ne4 Qe7 17. Ng3 Qd6 18. Nh4 Bc8 19. Nhf5 Bxf5 20. Nxf5 Qf6 21. Qg4 Qg6 22. Qf3 Be7 23. d4 Qf6 24. Qg4 Nf4 25. dxe5 Nxe5 26. Rxe5 Qxe5 27. Bxf4 Qf6 28. Bxh6 Kh8 29. Bxg7+ Qxg7 30. Qxg7# 1-0

[Event "Magdeburg op-B"]
[Site "Magdeburg"]
[Date "2014.06.08"]
[Round "1"]
[White "Tamrazyan, Gohar"]
[Black "Lilienthal, Niels Bennett"]
[Result "0-1"]
[WhiteElo "1531"]
[BlackElo "1167"]
[PlyCount "206"]
[EventDate "2014.06.08"]
[EventType "swiss"]
[EventRounds "9"]
[EventCountry "GER"]
[SourceTitle "CBM 160 Extra"]
[Source "ChessBase"]
[SourceDate "2014.07.01"]
[SourceVersion "1"]
[SourceVersionDate "2014.07.01"]
[SourceQuality "1"]

1. d4 Nf6 2. c4 g6 3. Nc3 Bg7 4. e4 d6 5. Bd3 Nbd7 6. Nf3 a5 7. 0-0 0-0 8. Re1 e5 9. d5 b6 10. a3 h6 11. h3 Nh7 12. Be3 f5 13. exf5 gxf5 14. Bc2 f4 15. Qd3 Ndf6 16. Bd2 Bh8 17. Qg6+ Bg7 18. h4 Bd7 19. g3 fxg3 20. fxg3 Be8 21. Qd3 Kh8 22. g4 Rg8 23. Kh2 Nxg4+ 24. Kg1 Ngf6 25. Kf2 Bf8 26. Rg1 Qd7 27. Nh2 Qf7 28. Ke2 Qh5+ 29. Nf3 Bd7 30. Rxg8+ Kxg8 31. Rg1+ Kh8 32. Kd1 Re8 33. Qg6 Qxf3+ 34. Kc1 Qh5 35. Qg3 Re7 36. Nb5 Rg7 37. Bg6 Qe2 38. Qb3 Bf5 39. Re1 Qg4 40. Bxf5 Qxf5 41. Bxh6 Rg8 42. Bd2 Qg4 43. Nxc7 Qxh4 44. Qxb6 Qxc4+ 45. Kd1 Nxd5 46. Nxd5 Qxd5 47. Qxa5 Qd4 48. Qb4 Qg4+ 49. Qxg4 Rxg4 50. b4 Nf6 51. Ke2 d5 52. Ra1 Rc4 53. b5 Bc5 54. Kf3 Kg7 55. a4 e4+ 56. Ke2 Kf7 57. a5 Rc2 58. Rb1 Nd7 59. b6 Ra2 60. Rb5 e3 61. b7 exd2 62. b8Q Nxb8 63. Rxc5 d4 64. Rd5 Nc6 65. a6 Ke6 66. Rc5 Kd6 67. Rg5 Rxa6 68. Kxd2 Ne5 69. Rh5 Kd5 70. Kc2 Ra3 71. Kd2 Ra2+ 72. Kc1 d3 73. Rh4 d2+ 74. Kd1 Nf3 75. Rh8 Ra1+ 76. Ke2 d1Q+ 77. Kf2 Qd3 78. Rd8+ Ke4 79. Rxd3 Kxd3 80. Kxf3 Re1 81. Kf4 Kd4 82. Kf5 Kd5 83. Kf4 Re8 84. Kf3 Kd4 85. Kf2 Kd3 86. Kf1 Kd2 87. Kf2 Rf8+ 88. Kg3 Ke2 89. Kg4 Ke3 90. Kg5 Rf1 91. Kg4 Ke4 92. Kg5 Rf2 93. Kg6 Ke5 94. Kg7 Ke6 95. Kg8 Ke7 96. Kg7 Rg2+ 97. Kh6 Kf6 98. Kh5 Kf5 99. Kh4 Rg8 100. Kh3 Kf4 101. Kh2 Kf3 102. Kh1 Kf2 103. Kh2 Rh8# 0-1

[Event "GER-chT U10"]
[Site "Magdeburg"]
[Date "2012.12.28"]
[Round "4.2"]
[White "Wastian, Mareike"]
[Black "Lilienthal, Niels Bennett"]
[Result "1-0"]
[WhiteElo "1112"]
[BlackElo "1008"]
[PlyCount "61"]
[EventDate "2012.12.27"]
[EventType "team-swiss"]
[EventRounds "7"]
[EventCountry "GER"]
[SourceTitle "EXT 2014"]
[Source "ChessBase"]
[SourceDate "2013.11.20"]
[SourceVersion "1"]
[SourceVersionDate "2013.11.20"]
[SourceQuality "1"]
[WhiteTeam "Brackel"]
[BlackTeam "Friedrichsfelde Borussia"]
[WhiteTeamCountry "GER"]
[BlackTeamCountry "GER"]

1. e4 c5 2. c3 e5 3. d4 cxd4 4. cxd4 exd4 5. Qxd4 Nc6 6. Qd1 Nf6 7. Nc3 Bc5 8. Nf3 0-0 9. Bd3 Re8 10. 0-0 d6 11. h3 d5 12. exd5 Nxd5 13. Nxd5 Bd6 14. Nc3 Qf6 15. Bg5 Qe6 16. Re1 Qd7 17. Qc2 g6 18. Rxe8+ Qxe8 19. Re1 Qd7 20. Qe2 b6 21. Bh6 Bb7 22. Bc4 Rd8 23. Nd5 Kh8 24. Nf6 Bf8 25. Nxd7 Bxh6 26. Nde5 Rf8 27. Nxc6 Bxc6 28. Qe7 Bxf3 29. gxf3 Rg8 30. Qxf7 a5 31. Qxg8# 1-0

[Event "GER-ch U25 op-B"]
[Site "Oberhof"]
[Date "2012.05.29"]
[Round "4"]
[White "Haeusler, Luis"]
[Black "Lilienthal, Niels Bennett"]
[Result "1-0"]
[WhiteElo "1124"]
[BlackElo "928"]
[PlyCount "55"]
[EventDate "2012.05.27"]
[EventType "swiss"]
[EventRounds "9"]
[EventCountry "GER"]
[SourceTitle "CBM 148 Extra"]
[Source "ChessBase"]
[SourceDate "2012.06.22"]
[SourceVersion "1"]
[SourceVersionDate "2012.06.22"]
[SourceQuality "1"]

1. e4 c5 2. Nc3 Nc6 3. g3 Nf6 4. Bg2 g6 5. f4 e6 6. Nf3 Bg7 7. 0-0 0-0 8. d3 d5 9. e5 Ng4 10. Ne2 b5 11. h3 Nh6 12. g4 Kh8 13. Ng3 Nd4 14. Nxd4 cxd4 15. g5 Ng8 16. h4 Ne7 17. h5 Nf5 18. Nxf5 exf5 19. h6 Bxe5 20. fxe5 Re8 21. Re1 Re7 22. Bd2 Qe8 23. Bxd5 Rb8 24. Bb4 Rxe5 25. Bd6 Rxe1+ 26. Qxe1 Qxe1+ 27. Rxe1 Rb6 28. Re8# 1-0